000 00603nam a22001217a 4500
040 _cRUA
082 _aLMA MON 2024 B701 Or.1
100 _aMON SOCHEAT, មន សុជាតិ
245 _aStudy On The Changes In The Land Market In Koy Meng Commune Mongkul Borey District Banteay Mean Chey Province,សិក្សាពីបម្រែបម្រួលទីផ្សារដីធ្លី ឃុំគយម៉ែង ស្រុកមង្គលបូរ ខេត្តបន្ទាយមានជ័យ
260 _aPHNOM PENH
_bRUA
_c2024
300 _axi,
_bill,
_c29cm,
942 _cLMA
999 _c25340
_d25340